01134nam a2200277 a 450000100100000000500170001000800410002704000250006808200200009324501810011325000120029426000360030630000210034249000350036350000370039850400730043559000260050865000280053465000230056270000290058570000280061483000420064291000370068495201180072199900170083900004413320240604194808.0110331s1991 dr 000 0 spa d aDO-SdBNPbspacBNPHU a301bI61c, 199100aIntroducción a las ciencias sociales :bselección de lecturas para el texto básico de la materia /cpresentación Rubén Silié ; textos de Maurice Duverger...[et.al]. a4a. ed. aSanto Domingo :bTaller,c1991. a133 p. ;c23 cm.1 aTextosaBiblioteca tallerv132 aA la cabeza del título ICS-011 aIncluye referencias bibliográficas y notas al pie de las páginas aInventariado, 2018/VM 0aCiencias sociales91065 0aSociología9106112aDuverger, Maurice95039312aRubén, Selié972138 0aTextospBiblioteca tallerv132954528 aValidado. Control de calidad MFF 0010718PDaGRbGRcHDd2014-05-19iLF1l0o301 I61c, 1991p44133-10r2020-06-25w2020-06-25yLFPDZNo se presta c43622d43622